000 01703cad a22003135a 4500
001 L159942
005 20251219120433.0
008 130516s2018 xxk f f 001 0 eng d
020 _a9781783212293
035 _a(Sirsi) u159942
041 0 _aeng
050 0 4 _a333.332 $2 18
110 2 _aRoyal Institution of Chartered Surveyors
_94900
245 0 0 _aBank lending valuations and mortgage lending value
_h[archived]
250 _a1st
260 _aLondon
_bRICS
_c2018
490 0 _aRICS Guidance Note
490 0 _aRICS Professional Standard
500 _asuperseded from 1 January 2026 by 2nd edition ISBN 9781783215607
520 _aCovers sustainable or long-term value methods, the main definitions of mortgage lending value (MLV) in EU, Germany, Spain and the role of the RICS valuer. Primarily directed at those providing valuation services within or subject to EU jurisdictions for bank-lending purposes, in particular where the provision of a MLV is requested. Effective from 1 June 2018.
520 _aPlease note, this document was reissued in October 2022 as a professional standard. It was previously published in June 2018 as a Guidance Note.
650 2 4 _aLENDING
650 2 4 _aMORTGAGE VALUATION
651 4 _aEurope
690 _aValuation
_96273
856 4 0 _uhttps://www.rics.org/profession-standards/rics-standards-and-guidance/sector-standards/valuation-standards/bank-lending-valuations-and-mortgage-lending-value
_zAvailable free on RICS.org
856 4 0 _uhttps://www.isurv.com/downloads/file/7560/archive_bank_lending_valuations_and_mortgage_lending_value_1st_edition
_zVersion as Guidance note archived on iSurv (subscription required)
942 _n0
_2ddc
999 _c116166
_d116166